000
00405nam a2200157Ia 4500
008
090123s9999 xx 000 0 und d
082
_b
36895
245
_a
बापलेकी
250
_a
1
260
_b
मौज प्रकाशन
_c
2004
300
_a
418
630
_a
बापलेकी
700
_a
फाटक पद्मजा
730
_a
बापलेकी
942
_c
BOOK
999
_c
74962
_d
74962